|
|
|
|
| LEADER |
00000nam a2200000 a 4500 |
| 001 |
1/127365 |
| 008 |
230928s2002####gr | ||| |||| ||gre|| |
| 040 |
|
|
|a GR-MyUa
|b gre
|c GR-MyUa
|e AACR2
|
| 041 |
0 |
|
|a gre
|
| 082 |
7 |
|
|a 726.809
|2 (23)
|
| 100 |
1 |
|
|a Λάσκαρης, Νικόλαος Γ.
|
| 245 |
1 |
3 |
|a Τα ταφικά παλαιοχριστιανικά και βυζαντινά μνημεία της Ελλάδας :
|h [ανάτυπο] /
|c Νικόλαος Λάσκαρης.
|
| 260 |
|
|
|a Αθήνα :
|b [χ.ό.],
|c 2002.
|
| 300 |
|
|
|a 24 σ. :
|b εικ., φωτ. ;
|c 30 εκ.
|
| 500 |
|
|
|a Ανάτυπο από το ''CORPUS'', τεύχ.42, σελ. 74-85.
|
| 650 |
|
0 |
|a Tombs
|z Greece.
|
| 650 |
|
0 |
|a Tombs
|x History.
|
| 650 |
|
0 |
|a Architecture, Byzantine
|z Greece.
|
| 650 |
|
0 |
|a Sepulchral monuments
|z Greece.
|
| 650 |
|
0 |
|a Architecture, Early Christian
|
| 852 |
|
|
|a INST
|b RHODES
|e 20230928
|h 726.809 ΛΑΣ
|p 005400043793
|q 005400043793
|t BK
|y 0
|
| 970 |
|
|
|z 28-09-2023
|